Cream's Farewell Concert (Record no. 333126)
[ view plain ]
| 000 -LEADER | |
|---|---|
| fixed length control field | 00529nam a2200097Ia 4500 |
| 008 - FIXED-LENGTH DATA ELEMENTS--GENERAL INFORMATION | |
| fixed length control field | 170517s9999 xx 000 0 und d |
| 245 ## - TITLE STATEMENT | |
| Title | Cream's Farewell Concert |
| 300 ## - PHYSICAL DESCRIPTION | |
| Extent | On guitar: Eric Clapton. Lead singer and bass guitarist: Jack Bruce. On drums: Ginger Baker. Their motto: Forget the message, forget the lyrics, and just play. Their name: Cream. For two glorious years, Cream's high-volume blues, jamming and extended solos blazed a... |
| 650 ## - SUBJECT ADDED ENTRY--TOPICAL TERM | |
| General subdivision | Art. |
| 856 ## - ELECTRONIC LOCATION AND ACCESS | |
| Uniform Resource Identifier | <a href="http://topdocumentaryfilms.com/creams-farewell-concert/">http://topdocumentaryfilms.com/creams-farewell-concert/</a> |
| Withdrawn status | Lost status | Damaged status | Home library | Current library | Date acquired | Total Checkouts | Date last seen | Price effective from | Koha item type |
|---|---|---|---|---|---|---|---|---|---|
| College Library | College Library | 05/17/2017 | 05/17/2017 | 05/17/2017 | Documentary Films |